000 00720nam a2200253Ia 4500
003 OSt
005 20220926005319.0
006 a|||||r|||| 00| 0
007 ta
008 220923b |||||||| |||| 00| 0 eng d
020 _a8186771972
037 _cGeneral Book
040 _aRTL
_cRTL
_beng
041 _2eng
_aeng
082 _aY15:3(W:5).2.P, P5
100 _aBhuimali Anil Ed.
_9310040
245 0 _aPoverty and human rights of women
260 _a New Delhi
_bSerial Publications India
_c2005
300 _a210p
_ccm.
500 _aBibliography chapterwise
650 _aWoman Sociology
942 _hY15:3(W:5).2.P, P5
_cGB
_2CC
999 _c613478
_d613478